[Event "Horgen"]
[Site "Horgen"]
[Date "1995.10.29"]
[Round "8"]
[White "Kramnik, Vladimir"]
[Black "Lautier, Joel"]
[Result "1-0"]
[WhiteElo "2730"]
[BlackElo "2645"]
[Annotator "Kramnik,V"]
[PlyCount "127"]
[EventDate "1995.10.??"]
[EventType "tourn"]
[EventRounds "11"]
[EventCountry "SUI"]
[EventCategory "17"]
[SourceTitle "CBM 050"]
[Source "ChessBase"]
[SourceDate "1996.02.01"]
[SourceVersion "1"]
[SourceVersionDate "1996.02.01"]
[SourceQuality "1"]

1. Nf3 c5 2. c4 Nf6 3. Nc3 Nc6 4. g3 d5 5. d4 (5. cxd5 Nxd5 6. Bg2 Nc7 7. O-O
e5) 5... e6 (5... cxd4 6. Nxd4 dxc4 7. Nxc6 Qxd1+ 8. Nxd1 bxc6 9. Bg2 Nd5 10.
Ne3 e6 11. Nxc4 Ba6 12. b3 Bb4+ 13. Bd2 Ke7 14. Rc1 Rac8 15. Bxb4+ Nxb4 16. a3
Nd5 17. Na5 $14 {Kramnik,V-Hjartarson,J/EU Cup Paris/1995/}) 6. cxd5 Nxd5 7.
Bg2 cxd4 (7... Be7 8. O-O O-O) 8. Nxd4 Nxc3 9. bxc3 Nxd4 10. Qxd4 (10. cxd4 $2
Bb4+ 11. Bd2 Qxd4 12. Qa4+ $2 Bd7 13. Qxb4 Qxa1+) 10... Qxd4 11. cxd4 Bd6 $6 (
11... Bb4+ 12. Bd2 Bxd2+ 13. Kxd2 Kd8 14. Rhc1 (14. a4 Re8 15. a5 Rb8 16. Rhb1
Re7 17. Rb2 b5 18. axb6 axb6 19. Rab1 Rd7 20. Rb4 Rd6 21. e4 b5 22. Bf1 Bd7 23.
Ra1 e5 24. d5 g5 25. Ke3 g4 26. Be2 Rh6 27. Rab1 Ke7 {1/2-1/2 Chernin,A-Farago,
I/HUN-ch (01) ;CBM 34 1992}) 14... Re8 15. Rc5 Rb8 $14) 12. O-O (12. Rb1 Rb8
13. Bf4 Ke7 14. Bxd6+ Kxd6 15. Rb3 b6 16. Ra3 Bb7 17. e4 a6 18. Kd2 Ke7 19. Rb1
b5 20. Rd3 Ba8 21. Ra3 {1/2-1/2 Groszpeter,A-Karolyi,T/HUN-ch ;EXT 86ch 1986})
(12. Bf4 Ke7 (12... Bxf4 13. gxf4 Ke7 14. e3 Rb8 15. Kd2 b6 16. Rac1 Rd8 17.
Rc7+ Rd7 18. Rhc1 Bb7 19. Bxb7 Rxb7 20. Rxb7 Rxb7 21. Kd3 Kd7 22. h4 {Loeffler,
S-Van der Sterren,P/NLD-chT (04) ;EXT 93ch 1993/1/2-1/2 (36)}) 13. Bxd6+ Kxd6
14. Kd2 Rb8 15. Rab1 b6 16. Rhc1 Bd7 17. e4 Rhc8 18. e5+ Ke7 19. Ke3 Rxc1 20.
Rxc1 Rc8 21. Rxc8 Bxc8 {Dokhoian,Y-Nasibullin,V/Pavlodar ;EXT 87 1987/1/2-1/2 
(46)}) 12... Rb8 13. e4 $1 (13. Bd2 Bd7 14. Rfc1 O-O 15. Bf4 Bxf4 16. gxf4 Rfc8
17. Rxc8+ Bxc8 18. Rc1 Bd7 19. Rc7 Bb5 20. e3 Ba6 21. d5 Kf8 22. dxe6 fxe6 {
Schmidt,Wl-Ernst,T/Poznan ;TD 87\06 1987/1-0 (45)}) 13... O-O (13... b6 14. Bb2
$1 (14. Be3 Bb7 15. a4 Kd7 16. a5 bxa5 17. Rxa5 a6 18. Ra4 Ra8 19. d5 exd5 20.
exd5 Rhb8 21. Re1 Bc8 22. Bd2 g6 23. Ba5 h5 {Cebalo,M-Pachman,L/Palma de
Mallorca GMA (07) ;TD 89\13 1989/1/2-1/2 (38)}) 14... Bb7 15. Rac1 Kd7 16. d5
$1) 14. e5 $1 Be7 (14... Bc7 15. Ba3 Rd8 16. Rac1 Rd7 17. Rxc7 Rxc7 18. Bd6 $18
) 15. Be3 Bd7 (15... b6 16. Rfc1 Bd8 17. Bd2 {/\Bb4-d6}) 16. Rfc1 Rfc8 17.
Rxc8+ Bxc8 18. Rc1 Kf8 19. Bh3 $5 (19. d5 exd5 20. Bxd5 (20. Bxa7 Ra8 21. Bxd5
Be6 22. Bxe6 fxe6 23. Bc5 $14) 20... Be6 21. Bxe6 fxe6 22. Rc7 $1 b5 23. Rxa7
b4 $14) 19... Ke8 20. d5 Bd7 21. d6 Bd8 22. Bg2 (22. Bxa7 $2 Ra8 23. Be3 Rxa2
$132) 22... b6 23. f4 Rc8 24. Kf2 (24. Rxc8 Bxc8 25. Kf2) 24... Rxc1 25. Bxc1
Bb5 26. Be4 h6 (26... g6 {xf7} 27. h4 h5) 27. Be3 Kd7 28. Ke1 Bc6 29. Bd3 (29.
Bxc6+ $2 Kxc6) 29... Bd5 30. a3 f6 31. Kd2 fxe5 32. fxe5 Kc6 (32... Bg5 33.
Bxg5 (33. Bf4 $5 Kc6 34. h4) 33... hxg5 $16) 33. Kc3 Bf3 34. Bc4 Bd5 35. Ba6
Bf3 36. Kd4 Bd5 (36... b5 $2 37. Kd3 Bb6 38. Bxb6 Kxb6 39. Bxb5 $1 $18) 37. a4
Bb3 (37... Kd7 38. Bb5+ Kc8 (38... Bc6 $2 39. Kc4 $1 $18)) 38. Bb5+ Kb7 39. Bd7
$1 Bd5 40. Kc3 Ba2 41. Kb4 Bd5 (41... g5 $5) 42. h4 $1 Ba2 43. Bd2 $1 (43. Bc1
Bd5 44. Ba3 Ba2 45. Kc3 Bd5 46. Be8 $2 Bc6) 43... Bd5 44. Bc1 Ba2 45. Kc3 Bd5
46. Ba3 Ba2 (46... a6 47. Bb4) 47. Be8 $1 Bd5 48. d7 Bc6 49. Bf8 Bxa4 50. Bxg7
Kc7 51. Bxh6 Bxd7 52. Bf7 Kc6 (52... Be7 53. h5 Kd8 54. Bg7 Be8 55. h6 $1 $18)
53. h5 (53. Bg5 Bc7 54. Kd4 $18) 53... Kd5 54. Bg7 Bg5 55. g4 Ke4 56. h6 Bxh6
57. Bxh6 Kxe5 58. g5 Kf5 59. g6 Kf6 60. Bg5+ Kg7 61. Kd4 Ba4 (61... b5 62. Ke5
a5 63. Bf6+ Kf8 64. Bxe6 Bxe6 65. Kxe6 b4 66. Kd5 $18) 62. Ke5 Bc2 63. Bf6+ Kf8
64. Kf4 1-0

[Event "Horgen"]
[Site "Horgen"]
[Date "1995.11.01"]
[Round "11"]
[White "Kortschnoj, Viktor Lvovich"]
[Black "Kramnik, Vladimir"]
[Result "1/2-1/2"]
[WhiteElo "2635"]
[BlackElo "2730"]
[Annotator "Huebner,R"]
[PlyCount "130"]
[EventDate "1995.10.??"]
[EventType "tourn"]
[EventRounds "11"]
[EventCountry "SUI"]
[EventCategory "17"]
[SourceTitle "CBM 050"]
[Source "ChessBase"]
[SourceDate "1996.02.01"]
[SourceVersion "1"]
[SourceVersionDate "1996.02.01"]
[SourceQuality "1"]

1. d4 {Tischbierek} d5 2. c4 c6 3. e3 Nf6 4. Nf3 Bf5 5. Bd3 e6 6. O-O Bg6 7.
Qc2 (7. Ne5 $5) 7... Be7 (7... dxc4 8. Qxc4 Nbd7 $10) 8. Nbd2 Nbd7 9. Bxg6 (9.
e4 $5 dxe4 10. Nxe4) 9... hxg6 10. e4 dxe4 11. Nxe4 Qa5 (11... Nxe4 $5 12. Qxe4
Qa5) 12. Neg5 Qf5 13. Qb3 (13. Qe2 $5 {Weiß behält Kontolle über das Feld d5,
da er auf b7-b5 mit b2-b3 reagieren kann.}) 13... b5 14. Re1 bxc4 15. Qxc4 Qb5
16. Qc2 O-O 17. Bd2 (17. Ne5 Nxe5 18. dxe5 Nd5 19. Ne4 $6 Nb4 $17) 17... Rac8 (
17... a5 {kommt vielleicht in Betracht:} 18. Ne5 (18. a4 Qd5 19. Ne5 Nxe5 20.
dxe5 Nd7 21. Nf3 Nc5 {führt zu einer für Schwarz zufriedenstellenden Stellung.}
) 18... Nxe5 19. dxe5 Nd5 {mit schwer einzuschätzender Stellung.}) 18. b4 $1 {
Weiß verhindert 18...c5. Mit diesem Zug würde Schwarz zwar nicht seine
Bauernstruktur verbessern, aber seine Figuren würden große Aktivität erlangen;
Weiß muß seinen b-Bauern und den Springer auf g5 gedeckt halten. Passiver ist}
(18. Rac1 c5 19. dxc5 Rxc5 (19... Nxc5 20. b4 Nd3 21. Qxc8 Nxe1 22. Qc4 Nxf3+
23. Nxf3 {überläßt dem Weißen einigen Vorteil.}) (19... Bxc5 20. Bc3 {ist
nicht aussichtsreicher für Schwarz.}) 20. Qb1 Rd5 {mit der Absicht Sd7-c5-d3.})
18... Bd8 {Es ist nicht einfach, dem Schwarzen einen Plan zu empfehlen. Auf} (
18... Rfd8 {muß er mit} 19. Nxf7 {rechnen:} Kxf7 20. Ng5+ Kg8 21. Qxg6 Rf8 22.
Nxe6 Rf7 23. Ng5 Rcf8 24. Rac1 $16) (18... a5 19. a4 Qa6 20. bxa5 c5 {sieht
natürlicher aus als der Textzug; der Läufer steht auf b6 nicht sicher.
Andererseits erweist sich die Stellung des Nachziehenden als sehr fest, weil
er Halt auf den weißen Feldern hat; insbesondere ist der Punkt d5 dauerhaft in
seiner Hand.}) (18... Qd5 {kam ebenfalls in Betracht.}) 19. Rac1 Bb6 (19... a5
$2 20. a4 Qf5 21. b5 $16) 20. a4 Qd5 21. Qc4 {Der Zug dient dazu, 21...a5 zu
verhindern.} Rfd8 22. g3 (22. h4 Ng4 $13 {mit der Absicht Sd7-f6. Nach dem
Textzug droht 23.a5 Lc7 24.Dc6:. Der Nachteil des Zuges besteht darin, daß f3
ungedeckt bleibt. Es fällt aber nicht leicht, etwas Besseres zu finden.}) (22.
Rc2 Qf5 {ist nicht überzeugend.}) (22. h3 {nimmt dem Springer g5 ein Feld, das
eventuell nützlich für ihn sein kann.}) 22... Nb8 {Jetzt kann der Springer von
d7 weichen, weil Schwarz Druck gegen den Bauern auf d4 hat, so daß 23.Se5
keinen Erfolg verspricht.} (22... Nf8 $5 23. Be3 N8h7 24. Red1 (24. Nxh7 Qxf3)
(24. a5 Nxg5 25. Nxg5 Bxd4) 24... Nxg5 25. Nxg5 a5 {kam ebenfalls in Betracht.}
) 23. Be3 Ne8 {Der Springer strebt über d6 nach f5. Außerdem muß Weiß Obacht
geben, daß er nicht bei gelegentlichem f7-f6 einen Springer verliert. Diese
Partiephase ist voll schwieriger strategischer Entscheidungen für beide Seiten;
ich habe größte Mühe, den Wert der Züge einzuschätzen.} 24. Qc2 Bc7 (24... a5
$5) (24... Nd6 $5) 25. h4 Qf5 26. Qa2 Qd5 (26... Rd5 27. Ne5 Bxe5 28. dxe5 a6
29. Bf4 $16) 27. Qe2 Bd6 28. Ne5 $5 {Kortschnoj ist des Manövrierens müde und
opfert Material. Ein zaghafteres Gemüt wie ich hätte} (28. Bd2 {gezogen.})
28... f6 (28... Bxe5 29. dxe5 Qxe5 30. Bxa7 $16) (28... Bxb4 29. Ngxf7 Bxe1 30.
Rxe1 $16) 29. Nxg6 $2 (29. Ngf7 {(R.Tischbierek, "Schach" 12/1995, S.32) war
die richtige Fortsetzung:} fxe5 30. Nxd8 exd4 (30... Rxd8 31. dxe5 Qxe5 32.
Bxa7 $16) (30... Bxb4 31. Red1 (31. Nb7 Bxe1 32. Rxe1 exd4 33. Bxd4 $13 {
Tischbierek}) 31... Qxd8 (31... Rxd8 32. dxe5 Qa5 33. Rxd8 Qxd8 34. Bxa7 $16 {
Die Drohung 35.Dg4 ist äußerst lästig für Schwarz.}) 32. dxe5 Qe7 33. Qg4 $16)
31. Bxd4 Rxd8 32. Bxa7 (32. Red1 $5) (32. Rcd1 $5 {In allen Fällen erhält Weiß
starken Druck.})) 29... fxg5 30. hxg5 (30. Bxg5 Nf6 {führt zu Vorteil für
Schwarz.}) 30... Nd7 (30... Bxb4 $5 31. Rb1 (31. Qh5 Nf6) (31. Bd2 Bd6) 31...
Bd6) (30... Qf5 $5 31. Nh4 (31. Qh5 Nf6) 31... Qh3 $17) 31. Bf4 Nf8 32. Nxf8
Kxf8 33. Be5 Bxe5 (33... Bxb4 $5) 34. dxe5 $13 Qd3 (34... g6 35. Red1 Qb3 36.
Rxd8 Rxd8 37. Rxc6 $13) 35. Qh5 Ke7 36. Re3 Qd2 37. Rce1 Rd7 $2 (37... Rd3 $5)
(37... Rd5 $5) (37... Qxb4 {(R.Tischbierek). Alle diese Züge sehen mir recht
gewinnträchtig aus.}) 38. g6 Kd8 39. Qg4 Qd5 40. Rc1 Rcc7 41. Qf4 Qd4 (41... c5
$5) 42. Re4 Qd2 43. Qh4+ Kc8 44. Rcc4 (44. Rec4 $5) 44... Qd1+ 45. Kg2 Qxa4 46.
Qg4 Re7 47. Rc5 Qb3 48. Rd4 Qb1 {Es muß das Ziel des Schwarzen sein, seinen
Springer zu aktivieren, aber dies ist nicht einfach zu erreichen:} (48... Red7
49. Rdc4 {ist nicht günstig für Schwarz.}) (48... Rcd7 {ist auch nicht
genügend zum Sieg:} 49. Rxc6+ Kb7 (49... Nc7 50. Rdd6 $16) 50. Rxe6 (50. Rxd7+
Rxd7 51. Qxe6 (51. Rxe6 Qd5+ 52. Qf3 Qxf3+ 53. Kxf3 Nc7 54. Rd6 (54. Rf6 gxf6
55. exf6 Rd6 56. f7 Rf6+ 57. Kg4 Ne6 58. Kh5 Rxf2 $19) 54... Rxd6 55. exd6 Nd5
{Mir scheint, daß Schwarz gute Gewinnaussichten besitzt.}) 51... Qxe6 52. Rxe6
Nc7 53. Rf6 (53. Rd6 Rxd6 54. exd6 Nd5 $19) 53... gxf6 54. exf6 Ne6 55. f4 Kc6
56. f5 Kd6 57. f7 Rd8 58. f6 Ng5 $19) 50... Qxe6 51. Qxe6 Rxe6 52. Rxd7+ Kb6 (
52... Kc6 53. Rxa7 Rxe5 54. f4 $10) 53. f4 Rxg6 54. Kf3 {läßt den Schwarzen
aber ohne Gewinnchancen.}) 49. Rd6 Qf5 50. Qc4 Qxg6 51. Qa6+ Rb7 52. Qxc6+ Nc7
{Leider ist die Aktivierung des Springers mit dem sofortigen Verlust dieser
Figur verbunden.} 53. Rd8+ Kxd8 54. Qxb7 Ke8 55. Qb8+ (55. Rxc7 Rxc7 56. Qxc7
Qe4+ 57. Kh2 Qh7+ 58. Kg1 Qb1+ 59. Kg2 Qe4+ 60. f3 Qe2+ 61. Kh3 Qxf3 62. Qxa7
Qh1+ $10) 55... Kf7 56. Rxc7 Qe4+ 57. f3 Qe2+ 58. Kh3 Qxf3 59. Rxe7+ Kxe7 60.
Qxa7+ Ke8 61. Qb8+ Kf7 62. Qc7+ Ke8 63. Qc8+ Ke7 64. Qc4 Kd7 65. Qd4+ Ke8
1/2-1/2

[Event "Belgrade Investbank"]
[Site "Belgrade"]
[Date "1995.??.??"]
[Round "4"]
[White "Adams, Michael"]
[Black "Kramnik, Vladimir"]
[Result "0-1"]
[WhiteElo "2660"]
[BlackElo "2730"]
[Annotator "Boensch,U"]
[PlyCount "58"]
[EventDate "1995.11.??"]
[EventType "tourn"]
[EventRounds "11"]
[EventCountry "YUG"]
[EventCategory "17"]
[SourceTitle "CBM 051"]
[Source "ChessBase"]
[SourceDate "1996.04.01"]
[SourceVersion "1"]
[SourceVersionDate "1996.04.01"]
[SourceQuality "1"]

1. e4 {Ftacnik} c5 2. Nc3 Nc6 3. Nf3 d6 4. d4 cxd4 5. Nxd4 Nf6 6. Be3 Ng4 7.
Bg5 h6 8. Bh4 g5 9. Bg3 Bg7 10. Nb3 Be6 11. Be2 (11. Qd2 Nge5 12. Nd5 h5 13. h4
g4 14. O-O-O a6 15. c4 b5 16. cxb5 axb5 17. Bxb5 O-O $44 {Prentos,K-Kotronias,
V Ano Liosia op (03) 1995 0-1 26 - EXP 46}) 11... h5 (11... Qd7 12. Qd2 f5 13.
exf5 Bxf5 14. O-O O-O-O 15. f3 Nf6 16. Bf2 Kb8 17. Nd4 e5 18. Nxf5 Qxf5 19. Nd5
Nxd5 20. Qxd5 Rhf8 (20... Qxc2 21. Bd3 $44) 21. c3 $14 {Kotronias,V-Mednis,E
New York WFW 1990 1-0 79}) (11... Bxc3+ $5 12. bxc3 Nge5 13. O-O Qd7 14. Qc1
Bc4 15. Bxc4 Nxc4 16. Rd1 N6e5 17. Rd5 Qc7 18. Qf1 Rc8 $15 {Szalanczy,E-Leko,P
Budapest Exp FS MarGM (08) 1993 0-1 68}) (11... Nge5 12. Qd2 Qd7 13. h4 O-O-O
14. O-O-O gxh4 15. Bxh4 f5 16. exf5 Bxf5 17. a3 Kb8 18. f3 h5 19. Bg5 $14 {
McShane,L-Hon,A London Lloyds (05) 1994 1/2 43 - EXP 43}) 12. h4 {Ftacnik:The
younger generation of super GMs freely choses the modern lines, some of which
would seem uncomprehensible to old masters of the past.} (12. h3 {Ftacnik}
Bxc3+ 13. bxc3 Nf6 $15) 12... gxh4 13. Bxh4 Rc8 $1 $146 {Ftacnik: With 6..Ng4
black have avoided the famous English attack, but everything comes at a price.
Kingside pawn structure is badly shaken and Kramnik has to believe in the
power of piece play. Richtet sich gegen die lange Rochade und was passiert
nach der "Kurzen" ? Sehen Sie selbst.} (13... Qb6 14. Nd5 Bxd5 15. exd5 Nce5
16. a4 (16. c3 Bf6 17. Nd4 Qxb2 18. Bxf6 Qxc3+ 19. Kf1 Nxf6 20. Rc1 Qa5 $17 {
Szalanczy,E-Videki,S Kecskemet (07)1993 1-0 44}) 16... Ng6 17. a5 Qb4+ 18. c3
Qe4 19. Qd3 Qxd3 20. Bxd3 Nf4 21. Be4 f5 22. Bxf5 Nxg2+ 23. Kd2 Bh6+ 24. Kd3
Nf4+ 25. Ke4 $14 {Brodskij,M-Serper,G Helsinki op (03) 1992 1/2 31}) 14. O-O (
14. Qd2 {Ftacnik} Nge5) 14... Bf6 15. Bg3 $6 (15. Bxf6 Nxf6 16. Nd4 Qb6 (16...
Bd7 $13 {Ftacnik}) 17. Nxe6 fxe6 $36) 15... Rg8 $40 16. Nd5 h4 $1 (16... Bxb2
$5 {Ftacnik} 17. Rb1 Be5 18. Bxe5 Ncxe5 19. Nf4 Bc4 $17) 17. Nxf6+ (17. Bxg4 $2
Bxg4 18. f3 (18. Nxf6+ exf6 19. f3 hxg3 20. fxg4 Qb6+ $19) 18... hxg3 (18...
Bxb2 19. Rb1 Bh3 $1 $19) 19. fxg4 Bxb2 $19) 17... Nxf6 18. Bxh4 Nxe4 19. Bf3 (
19. Re1 Qb6 $13) 19... Ng5 20. Bxg5 (20. Bxc6+ bxc6 21. f4 Qb6+ 22. Qd4 $15)
20... Rxg5 {Ftacnik: Exchanges have clarified the situation, black seems to be
reasonably safe with K on e8.} 21. Qd2 Rg8 (21... Rg6 {Ftacnik} 22. Rfe1) 22.
Nd4 (22. Rfe1 Qb6 $15) 22... Ne5 $1 23. Be4 (23. Bxb7 Rb8 24. Bc6+ Bd7 25.
Bxd7+ Qxd7 $40) (23. Nxe6 $4 {Ftacnik} Nxf3+ 24. Kh1 Rh8+) 23... Qb6 24. Rfe1
$2 (24. Nxe6 fxe6 25. Qe3 (25. Qh6 Kd7 $17) 25... Qxe3 26. fxe3 $15) 24... d5
$1 {Ftacnik: Adams has failed to spot the unusal problem with his centralised
pieces.} 25. Bxd5 $2 (25. Bh7 Qxd4 $1 26. Qxd4 Nf3+ 27. Kh1 (27. Kf1 {Ftacnik}
Nxd4 28. Bxg8 Nxc2 29. Rxe6 Nxa1 $17) 27... Nxd4 28. Bxg8 Nxc2 29. Rxe6 Nxa1
$17) (25. Bf3 {Ftacnik} Qxd4 $1 $19) (25. Nxe6 {Ftacnik} dxe4 26. Ng5 f6 $19)
25... Bxd5 26. Rxe5 Rxg2+ $19 (26... Qxb2 $6 27. Rae1 Rxg2+ 28. Kf1 $132) 27.
Kf1 Qg6 28. Qb4 (28. Rxd5 Rg1+ 29. Ke2 Qe4+ (29... Rxa1 $19 {Ftacnik}) 30. Qe3
Qxe3+ 31. fxe3 Rxa1 $19) 28... Bc4+ 29. Ke1 Qf6 $1 (29... Qf6 30. Nf3 Rg1+ $1
31. Nxg1 (31. Kd2 Rxa1 $19) 31... Qxe5+ 32. Kd1 Rd8+ 33. Kc1 Qf4+ (33... Qg5+ {
Ftacnik}) 34. Kb1 Rd1#) 0-1

[Event "Belgrade Investbank"]
[Site "Belgrade"]
[Date "1995.11.??"]
[Round "6"]
[White "Topalov, Veselin"]
[Black "Kramnik, Vladimir"]
[Result "0-1"]
[WhiteElo "2670"]
[BlackElo "2730"]
[Annotator "Knaak,R"]
[PlyCount "80"]
[EventDate "1995.11.??"]
[EventType "tourn"]
[EventRounds "11"]
[EventCountry "YUG"]
[EventCategory "17"]
[SourceTitle "100 Jahre Schach"]
[Source "ChessBase"]
[SourceDate "2000.04.19"]
[SourceVersion "1"]
[SourceVersionDate "2000.04.19"]
[SourceQuality "1"]

{Diese Partie erhielt nicht nur den Spezialpreis für die "Beste Partie" beim
Belgrader Invest Turnier, sondern galt auch als die Partie des Jahres 1995.} 1.
e4 c5 2. Nf3 Nc6 3. d4 cxd4 4. Nxd4 Nf6 5. Nc3 d6 6. Bc4 Qb6 7. Ndb5 a6 8. Be3
Qa5 9. Nd4 Ne5 10. Bd3 Neg4 11. Bc1 g6 12. Nb3 Qb6 13. Qe2 Bg7 14. f4 {Topalov
strebt das Maximum an (wie stets): h3 und nach dem Rückzug des Springers würde
Be3 folgen.} Nh5 $1 15. Nd5 (15. Bd2 $5) 15... Qd8 16. Bd2 (16. O-O O-O 17. h3
Ngf6 18. Nxf6+ Nxf6 $11) 16... e6 $1 17. Ba5 $5 {Typisch Topalov: Jede
Herausforderung wird angenommen.} (17. Qxg4 exd5 18. Qf3 O-O 19. O-O dxe4 20.
Bxe4 $11) 17... Qh4+ 18. g3 Nxg3 19. Nc7+ {Nach} (19. hxg3 Qxg3+ 20. Kd2 exd5
21. exd5+ Kd7 {steht der weiße König gefährdeter.}) 19... Ke7 20. hxg3 Qxg3+
21. Kd1 Nf2+ 22. Kd2 Nxh1 23. Nxa8 $2 {Dieser Fehler ist schwer zu begreifen:
Topalov vermeidet eine Zugwiederholung und gibt Schwarz seinerseits die
Möglichkeit zur Zugwiederholung.} (23. Rxh1 Qxf4+ (23... Rb8 24. Bb6 $11) 24.
Kd1 Rb8 25. Bd2 Qg3 26. Be1 Qf4 {mit Zugwiederholung.}) 23... Qxf4+ 24. Qe3
Qh2+ 25. Qe2 Qf4+ 26. Qe3 Qh2+ 27. Qe2 Bh6+ $1 {Kramnik will auch mehr als ein
Remis.} 28. Kc3 ({Schwächer ist} 28. Kd1 Qg1+ 29. Qe1 Qg4+ 30. Be2 Qxe4 31. Nb6
Be3 {mit Vorteil für Schwarz (Kramnik).}) 28... Qe5+ ({Objektiv besser ist
vielleicht} 28... Qxe2 29. Bxe2 Ng3 $17 {Die weißen Figuren stehen
unkoordiniert, der Pe4 ist sehr schwach und der schwarze h-Bauer wird ganz
schnell sein.}) 29. Kb4 Ng3 30. Qe1 Bg7 (30... Qxb2 $5) 31. Nb6 $2 ({Die beste
Verteidigung bestand in} 31. Rb1 Bd7 32. Ka3 {Doch nach} Rxa8 33. Bc3 Qf4 34.
Bxg7 {steht Schwarz auch ein wenig besser; in Frage kommt z.B. 34...e5.}) 31...
d5 $19 32. Ka4 (32. exd5 Qd6+ 33. Kc4 Qf4+ 34. Kc5 Bd7 35. a4 {wird widerlegt:}
Be5 $1 {(Burgess/Nunn/Emms)} 36. Nxd7 Kxd7 37. dxe6+ (37. c4 Rc8+ 38. Kb4 exd5
$19) 37... fxe6 38. Bd2 Rc8+ 39. Kb6 Bd4+ 40. Ka5 Bb6+ $1 41. Kxb6 Qc7+ 42. Ka7
b5+ 43. Kxa6 Ra8+ 44. Kxb5 Rb8+ 45. Ka6 Qb6#) 32... Bd7+ 33. Nxd7 b5+ 34. Kb4
Kxd7 35. Bb6 Qxb2 {Schneller und sicherer gewann} (35... Nxe4 $1 36. Bxe4 Qxb2
$3 37. Bd3 Kc6 $3 {Das wäre noch schöner gewesen!}) 36. exd5 Rc8 37. dxe6+ Ke8
$1 {[#]} 38. Bc5 $6 {Verliert schnell ebenso wie} (38. c4 $2 Ne4 $3 {: schauen
Sie selbst!}) ({Etwas zäher ist} 38. Bxb5+ axb5 39. exf7+ Kxf7 40. Qxg3 Qc3+
41. Qxc3 Bxc3+ 42. Kxb5 Bxa1 43. Nxa1 h5 {und Weiß steht nur materiell besser,
hat aber den schwarzen Bauern wenig entgegen zu setzen.}) 38... Bc3+ $1 39.
Qxc3 a5+ 40. Kxb5 Qxc3 {Quellen: "Informator 65" (Kramnik) Burgess/Nunn/Emms
"The World's Greatest Chess Games" Schach 1/1996} 0-1

[Event "Belgrade Investbank"]
[Site "Belgrade"]
[Date "1995.??.??"]
[Round "9"]
[White "Kramnik, Vladimir"]
[Black "Lautier, Joel"]
[Result "1-0"]
[WhiteElo "2730"]
[BlackElo "2645"]
[Annotator "Kortschnoj,V"]
[PlyCount "83"]
[EventDate "1995.11.??"]
[EventType "tourn"]
[EventRounds "11"]
[EventCountry "YUG"]
[EventCategory "17"]
[SourceTitle "CBM 051"]
[Source "ChessBase"]
[SourceDate "1996.04.01"]
[SourceVersion "1"]
[SourceVersionDate "1996.04.01"]
[SourceQuality "1"]

1. Nf3 {Hecht} c5 2. c4 Nf6 3. Nc3 Nc6 4. g3 d5 5. d4 e6 (5... cxd4 6. Nxd4
dxc4 7. Nxc6 Qxd1+ 8. Nxd1 bxc6 9. Bg2 Nd5 10. Ne3 e6 11. Nxc4 Ba6 $14) 6. cxd5
Nxd5 7. Bg2 cxd4 8. Nxd4 Nxc3 9. bxc3 Nxd4 10. Qxd4 Qxd4 11. cxd4 Bb4+ 12. Bd2
Bxd2+ 13. Kxd2 $14 Ke7 14. Rhc1 Rd8 15. Rc7+ Rd7 16. Rac1 Kd8 17. Rxd7+ Kxd7
18. g4 $1 h6 19. f4 Rb8 20. g5 b6 (20... hxg5 $5 21. fxg5 b6 $14) 21. gxh6 gxh6
22. Rc3 Bb7 23. Bxb7 Rxb7 24. Rh3 Rc7 25. Rxh6 Rc4 26. Rh3 Rxd4+ $4 (26... Ra4
$1 27. a3 Rxd4+ $14) 27. Rd3 Rxd3+ 28. Kxd3 $16 {Hecht: [#] B-B: entfernter
Freibauer, Raum, Tempospiel} f6 (28... b5 {Hecht} 29. Kd4 Kd6 30. h4 a5 31. h5
Ke7 32. Kc5 b4 33. Kb5 $18) 29. Kc4 a6 30. f5 Kd6 (30... exf5 {Hecht} 31. Kd5
f4 32. h4 b5 (32... Ke7 33. Kc6 Kf7 34. Kxb6 Kg6 35. Kxa6 Kh5 36. Kb5 Kxh4 37.
a4 Kg3 38. a5 Kf2 39. a6 Kxe2 40. a7 f3 41. a8=Q f2 42. Qe4+ Kf1 43. Kc4 f5 44.
Qf3 f4 45. Kd3 Kg1 46. Qg4+ $18) 33. h5 Ke7 34. Kc5 Kf7 35. Kb6 Kg7 36. Kxa6
Kh6 37. Kxb5 Kxh5 38. a4 $18) 31. fxe6 Kxe6 32. Kd4 Kf5 33. Kd5 Kf4 34. Ke6 $1
(34. Kc6 $2 f5 35. h4 (35. Kxb6 {Hecht} Ke3 36. h4 Kxe2 37. h5 f4 38. h6 f3 39.
h7 f2 40. h8=Q f1=Q $10) 35... Kg4 36. Kxb6 Kxh4 37. Kxa6 Kg3 38. a4 Kf2 39. a5
Kxe2 40. Kb7 f4 $10) 34... f5 35. e3+ $18 Kg4 36. h3+ (36. h4 {Hecht} b5 37. h5
Kg5 38. h6 Kxh6 39. Kxf5 a5 40. e4 Kg7 $10) 36... Kg5 37. h4+ Kg6 38. h5+ Kg5
39. h6 Kg6 40. h7 Kxh7 41. Kxf5 Kg7 42. Ke6 (42. Ke6 {Hecht} b5 43. Kd5 Kf6 44.
Kc5 Ke5 45. Kb6 Ke4 46. Kxa6 Kxe3 47. Kxb5 Kd4 48. a4 Kd5 49. a5 Kd6 50. Kb6
Kd7 51. a6 Kc8 52. a7 $18) 1-0